000 00781nam a22002177a 4500
003 UA-OsUOA
001 68204
007 ta
008 20100409b un ||||| |||| 00| 0 ukr d
100 _aКолінько О.
090 _a82
_bК60
942 _cSA
040 _aUA-OsUOA
_bukr
_cUA-OsUOA
_dUA-OsUOA
245 _aНеоромантична новела порубіжжя ( на матеріалі української та російської малої прози кінця ХІХ - початку ХХ ст.)
300 _aС.65-69
955 _a0
041 _aukr
080 _a82
773 0 _w68202
_tУкраїнська мова і література в школі
_dК.
_d2010
_g1
650 7 _a82 Література. Літературознавство
_2UDC
999 _c354367
_d354367